|
|
|
|
| LEADER |
03301nam a2200541 i 4500 |
| 001 |
44321 |
| 003 |
BD-DhAAL |
| 005 |
20251009122843.0 |
| 008 |
251009t1977 gw a b 001 0 eng |
| 010 |
|
|
|a 76042196
|
| 020 |
|
|
|a 9783642664403
|
| 020 |
|
|
|a 9783642664380
|
| 020 |
|
|
|a 038707841X
|
| 035 |
|
|
|a 3180542
|
| 040 |
|
|
|a DLC
|c DLC
|d DLC
|d BD-DhAAL
|
| 050 |
0 |
0 |
|a Q327
|b .S93
|
| 082 |
0 |
0 |
|a 001.534
|
| 245 |
0 |
0 |
|a Syntactic pattern recognition, applications /
|c edited by K. S. Fu ; with contributions by J. E. Albus ... [et al.].
|
| 260 |
|
|
|a Berlin ;
|a New York :
|b Springer-Verlag,
|c 1977.
|
| 300 |
|
|
|a x, 270 pages :
|b illustrations ;
|c 25 cm
|
| 490 |
0 |
|
|a Communication and cybernetics ;
|v 14
|
| 500 |
|
|
|a With 135 figures
|
| 504 |
|
|
|a Includes bibliographical references and index.
|
| 526 |
|
|
|a CSE
|x Annajiat Alim Rasel
Senior Lecturer
Department of Computer Science & Engineering
Course Name and No.: Advanced Syntactic Pattern Recognition (CSE713)
|
| 541 |
|
|
|a Hye Trade International
|e 44921, 44922, 44923, 44924
|
| 650 |
|
0 |
|a Pattern perception.
|9 59278
|
| 650 |
|
0 |
|a Pattern recognition systems.
|9 24992
|
| 650 |
|
0 |
|a Computer science.
|
| 700 |
1 |
|
|a Fu, K. S.
|q (King Sun),
|d 1930-1985.
|9 59279
|
| 700 |
1 |
|
|a Albus, J. E.
|9 59546
|
| 700 |
1 |
|
|a Anderson, R. H.
|9 59548
|
| 700 |
1 |
|
|a Brayer, J. M.
|9 59549
|
| 700 |
1 |
|
|a DeMori, R.
|9 59550
|
| 700 |
1 |
|
|a Feng, H.-Y. F.
|9 59551
|
| 700 |
1 |
|
|a Horowitz, S. L.
|9 59552
|
| 700 |
1 |
|
|a Moayer, B.
|9 59553
|
| 700 |
1 |
|
|a Pavlidis, T.
|9 59554
|
| 700 |
1 |
|
|a Stalling, W. W.
|9 59555
|
| 700 |
1 |
|
|a Swain, P. H.
|9 59556
|
| 700 |
1 |
|
|a Vamos, T.
|9 59557
|
| 830 |
|
|
|a Communication and cybernetics ;
|v 14
|9 59547
|
| 852 |
|
|
|a Ayesha Abed Library
|c General Stacks
|
| 942 |
|
|
|2 ddc
|c BK
|
| 999 |
|
|
|c 47446
|d 47446
|
| 952 |
|
|
|0 0
|1 0
|2 ddc
|4 0
|6 001_534000000000000_SYN
|7 0
|9 78336
|a BRACUL
|b BRACUL
|c GEN
|d 2025-10-08
|e Hye Trade International
|g 8351.00
|l 0
|o 001.534 SYN
|p 3010044922
|r 2025-10-08
|t 2
|v 16702.00
|w 2025-10-08
|y BK
|x Requisitioned by Annajiat Alim Rasel (Senior Lecturer Department of Computer Science & Engineering For the course named- Advanced Syntactic Pattern Recognition ‘’ (CSE713)’’
|
| 952 |
|
|
|0 0
|1 0
|2 ddc
|4 0
|6 001_534000000000000_SYN
|7 0
|9 78337
|a BRACUL
|b BRACUL
|c GEN
|d 2025-10-08
|e Hye Trade International
|g 8351.00
|l 0
|o 001.534 SYN
|p 3010044923
|r 2025-10-08
|t 3
|v 16702.00
|w 2025-10-08
|y BK
|x Requisitioned by Annajiat Alim Rasel (Senior Lecturer Department of Computer Science & Engineering For the course named- Advanced Syntactic Pattern Recognition ‘’ (CSE713)’’
|
| 952 |
|
|
|0 0
|1 0
|2 ddc
|4 0
|6 001_534000000000000_SYN
|7 0
|9 78338
|a BRACUL
|b BRACUL
|c NEW
|d 2025-10-08
|e Hye Trade International
|g 8351.00
|l 0
|o 001.534 SYN
|p 3010044921
|r 2025-10-08
|t 1
|v 16702.00
|w 2025-10-08
|y BK
|x Requisitioned by Annajiat Alim Rasel (Senior Lecturer Department of Computer Science & Engineering For the course named- Advanced Syntactic Pattern Recognition ‘’ (CSE713)’’
|
| 952 |
|
|
|0 0
|1 0
|2 ddc
|4 0
|6 001_534000000000000_SYN
|7 0
|9 78339
|a BRACUL
|b BRACUL
|c GEN
|d 2025-10-08
|e Hye Trade International
|g 8351.00
|l 0
|o 001.534 SYN
|p 3010044924
|r 2025-10-08
|t 4
|v 16702.00
|w 2025-10-08
|y BK
|x Requisitioned by Annajiat Alim Rasel (Senior Lecturer Department of Computer Science & Engineering For the course named- Advanced Syntactic Pattern Recognition ‘’ (CSE713)’’
|